书目信息 |
| 题名: |
当代医学的七大争议问题
|
|
| 作者: | 王金铭 贾柱立 | |
| 分册: | ||
| 出版信息: | 天津 天津科技翻译出版公司 1992.03 |
|
| 页数: | 150页 | |
| 开本: | 32开 | |
| 丛书名: | ||
| 单 册: | ||
| 中图分类: | R-03 | |
| 科图分类: | ||
| 主题词: | 医药学--理论 | |
| 电子资源: | ||
| ISBN: | 7-5433-0228-4 | |
| 000 | 00565nam0 2200181 45 | |
| 001 | 9911301546 | |
| 005 | 19991130154213.2 | |
| 010 | @a7-5433-0228-4@d2.65 | |
| 100 | @a19991130d1992 km y0chiy0120 ea | |
| 101 | @achi | |
| 105 | @a z 000yy | |
| 200 | 1 | @a当代医学的七大争议问题@ADang Dai Yi Xue De Qi Da Zheng Yi Wen Ti@f王金铭 贾柱立@FWang Jin Ming Jia Zhu Li |
| 210 | @a天津@c天津科技翻译出版公司@d1992.03 | |
| 215 | @a150页@c无图表@d32开 | |
| 606 | 0 | @a医药学@x理论 |
| 690 | @aR-03@v3 | |
| 801 | @aCN@bPerfectUser@c19991130 | |
| 905 | @aBZT@b41784-787@f4@dR-03@e1 | |
| 当代医学的七大争议问题/王金铭 贾柱立.-天津:天津科技翻译出版公司,1992.03 |
| 150页:无图表;32开 |
| ISBN 7-5433-0228-4:2.65 |
| ● |
| 相关链接 |
|
|
|
正题名:当代医学的七大争议问题
索取号:R-03/1
 
预约/预借
| 序号 | 登录号 | 条形码 | 馆藏地/架位号 | 状态 | 备注 |
| 1 | 41784 | 200164455 | 中心书库中库/ 中库001架A面2列1层35/ [索取号:R-03/1] | 在馆 | |
| 2 | 41786 | 200164464 | 中心书库中库/ 中库001架A面2列1层36/ [索取号:R-03/1] | 在馆 | |
| 3 | 41787 | 200164473 | 中心书库中库/ 中库001架A面2列1层34/ [索取号:R-03/1] | 在馆 |